[Event "Munich op9192"]
[Site "Munich"]
[Date "1992.??.??"]
[Round "7"]
[White "Pezerovic, Edin"]
[Black "Klundt, Klaus"]
[Result "1/2-1/2"]
[WhiteElo "2355"]
[BlackElo "2410"]

1.Nf3 Nf6 2.c4 g6 3.g3 Bg7 4.Bg2 O-O 5.O-O d6 6.Nc3 Nc6 7.d4 a6 8.e4 Bg4
9.h3 Bxf3 10.Bxf3 e5 11.d5 Nd4 12.Bg2 c5 13.dxc6 bxc6 14.b4 Rb8 15.Rb1 Re8
16.a4 Re7 17.Qd3 Reb7 18.Ba3 Nd7 19.b5 axb5 20.axb5 cxb5 21.cxb5 Nc5 22.Bxc5 dxc5
23.Rb2 Qa5 24.Ra2 Qb4 25.Rb1 c4 26.Qe3 Qf8 27.Ra4 Bh6 28.Qe1 Qc5 29.Qf1 Bd2
30.Rxc4 Qd6 31.Nd5 Rxb5 32.Rxb5 Nxb5 33.Qd3 Bg5 34.h4 Bd8 35.Rb4 Nd4 36.Rxb8 Qxb8
37.Qa6 Kg7 38.Kh2 Qb2 39.Qd6 Qxf2 40.Qxd8  1/2-1/2

[Event "Munich op9192"]
[Site "Munich"]
[Date "1992.??.??"]
[Round "8"]
[White "Stangl, Markus"]
[Black "Volke, Karsten"]
[Result "1/2-1/2"]
[WhiteElo "2490"]
[BlackElo "2425"]

1.Nf3 Nf6 2.c4 g6 3.g3 Bg7 4.Bg2 O-O 5.O-O d6 6.d4 Nbd7 7.Nc3 e5 8.e4 c6
9.h3 Qb6 10.d5 Nc5 11.Qe2 Qa6 12.dxc6 bxc6 13.Rd1 Ne8 14.Bg5 Qb7 15.Rab1 a5
16.Be3 Ne6 17.Ng5 Nd4 18.Bxd4 exd4 19.Na4 Qb4 20.Qc2 c5 21.a3 Qb8 22.b4 axb4
23.axb4 Qa7 24.Nb2 Qa2 25.Nf3 Nc7 26.Qd2 Bb7 27.Ne1 Na6 28.Nbd3 Qxd2 29.Rxd2 cxb4
30.Nxb4 Nc5 31.Nd5 Bxd5 32.cxd5 Rfe8 33.Rbd1 Nxe4 34.Bxe4 Rxe4 35.Nc2 Ra4
36.Kg2 f5 37.f3 Re7 38.Kf2 d3 39.Rxd3 Ra2 40.R1d2 Bh6  1/2-1/2

[Event "Munich op9192"]
[Site "Munich"]
[Date "1992.??.??"]
[Round "9"]
[White "Loeffler, Stefan"]
[Black "Fedorov, Vladislav"]
[Result "1-0"]
[WhiteElo "2310"]
[BlackElo "2390"]

1.Nf3 Nf6 2.c4 g6 3.g3 Bg7 4.Bg2 O-O 5.Nc3 d6 6.O-O Nc6 7.Rb1 e5 8.b4 Nd4
9.d3 Re8 10.Nxd4 exd4 11.Nb5 Ng4 12.h3 c6 13.hxg4 cxb5 14.cxb5 Bxg4 15.Re1 Qd7
16.a4 h5 17.Qd2 Re6 18.Bb2 Rae8 19.Qf4 Rxe2 20.Rxe2 Rxe2 21.Bxd4 Be5 22.Bxe5 dxe5
23.Qf6 Qxd3 24.Rc1 Qd7 25.Rc5 e4 26.Re5 e3 27.Rd5 Rxf2 28.Qd4 Qxd5 29.Bxd5 Rd2
30.Bxf7+ Kxf7 31.Qxe3 Rd1+ 32.Kf2 b6 33.Qf4+ Ke6 34.a5 Rd5 35.Qe4+ Re5 36.Qxg6+ Kd5
37.Qf7+ Kd4 38.Qxa7 Re2+ 39.Kf1 Kd3 40.Qh7+ Kd2 41.Qh6+ Kd1 42.Qd6+ Rd2 43.Qxb6 Bh3+
44.Kg1 Rg2+ 45.Kh1 Re2 46.Qg6 Bg4 47.Qd3+ Ke1 48.b6 Kf2 49.b7 Re8 50.Qd2+ Kxg3
51.b8=Q+  1-0

[Event "Nassau Masters"]
[Site "Nassau"]
[Date "1992.??.??"]
[Round "8"]
[White "Simpson, Ronald"]
[Black "Josenhans, Daniel"]
[Result "0-1"]
[WhiteElo "2285"]
[BlackElo "2265"]

1.c4 Nf6 2.Nf3 g6 3.g3 Bg7 4.Bg2 O-O 5.Nc3 d6 6.O-O e5 7.d4 Nbd7 8.dxe5 dxe5
9.Bg5 h6 10.Bxf6 Bxf6 11.Qc1 Bg7 12.Rd1 f5 13.Nxe5 Bxe5 14.Qxh6 c6 15.Qxg6+ Bg7
16.Nd5 Ne5 17.Qh5 Be6 18.Nf4 Qe8 19.Qg5 Bxc4 20.e4 Qf7 21.b3 Be6 22.Rd6 Rae8
23.Rad1 fxe4 24.Bxe4 Bf5 25.Bg2 Bg4 26.Rf1 Nf3+ 27.Bxf3 Bxf3 28.Ng6 Be4 29.Nf4 Qe7
30.Qc5 Be5 31.Qc4+ Qf7 32.Re6 Bd5 33.Qe2 Rxe6 34.Nxe6 Qxe6 35.Re1 Qh3 36.Qf1 Qxf1+
37.Kxf1 Bd4 38.f4 Kf7 39.Rd1 Bb6 40.a4 Re8 41.a5 Bxa5 42.Ra1 Bb6 43.b4 Bf3
44.Ra3 Re3 45.Ra1 Re2 46.Ra3 Rf2+ 47.Ke1 Re2+ 48.Kf1 Be3 49.Rd3 Ke6  0-1

[Event "CZE-ch U20"]
[Site "Neratovice"]
[Date "1992.??.??"]
[Round "?"]
[White "Jirovsky, Milos"]
[Black "Pinc, Miroslav"]
[Result "1-0"]
[WhiteElo "2570"]
[BlackElo "2085"]

1.Nf3 Nf6 2.c4 g6 3.g3 Bg7 4.Bg2 O-O 5.O-O d6 6.d4 Nbd7 7.Qc2 c6 8.Nc3 e5
9.Rd1 Qc7 10.e4 a5 11.h3 Re8 12.Be3 exd4 13.Nxd4 Nc5 14.Rd2 Be6 15.b3 Rad8
16.Rad1 Bc8 17.Re2 Qe7 18.Bc1 Nfd7 19.f4 Nf8 20.Kh2 Nfe6 21.Nf3 Nd7 22.Rde1 Nec5
23.Bb2 Qf8 24.Rd1 Qe7 25.Nd4 Nf8 26.Ba3 Qc7 27.Bb2 Nfe6 28.Nf3 Nf8 29.Rde1 Nfd7
30.Nd1 Nf6 31.Nf2 Qb6 32.Bd4 Nfd7 33.Bxg7 Kxg7 34.Qc3+ Kg8 35.Ng4 f6 36.Nxf6+ Nxf6
37.Qxf6 a4 38.f5 Rf8 39.Qg5 Kg7 40.Nh4 Nd3 41.fxg6  1-0

[Event "CZE-ch U20"]
[Site "Neratovice"]
[Date "1992.??.??"]
[Round "?"]
[White "Jirovsky, Milos"]
[Black "Horak, M."]
[Result "1/2-1/2"]
[WhiteElo "2570"]
[BlackElo "2190"]

1.Nf3 Nf6 2.c4 g6 3.g3 Bg7 4.Bg2 O-O 5.O-O d6 6.d4 Nc6 7.Nc3 Bg4 8.d5 Na5
9.Qd3 c5 10.h3 Bd7 11.e4 a6 12.Bg5 b5 13.b3 h6 14.Be3 Nh7 15.Rac1 Qc8 16.Kh2 f5
17.Nh4 Qe8 18.Bd2 bxc4 19.bxc4 Rb8 20.Ne2 Nxc4 21.Rxc4 Bb5 22.exf5 g5 23.Ng6 Bxc4
24.Qxc4 Rxf5 25.Be4 Rf6 26.Qc2 Rb2 27.Qxb2 Rxf2+ 28.Rxf2 Bxb2 29.Bf5 Kg7
30.h4 Qf7 31.Bc3+ Bxc3 32.Nxc3 Nf6 33.Re2 Nxd5 34.Nxd5 Qxd5 35.Nxe7 Qf3 36.Re6 g4
37.Bg6 Qf2+ 38.Kh1 Qf1+ 39.Kh2 Qh3+ 40.Kg1 Qxg3+ 41.Kh1 Qxh4+ 42.Kg2 Qh3+
43.Kg1 Qg3+ 44.Kh1 Qf3+ 45.Kg1 Qd1+ 46.Kh2 Qd2+ 47.Kg3 Qc3+ 48.Kg2 Qf3+  1/2-1/2

[Event "Nettetal"]
[Site "Nettetal"]
[Date "1992.??.??"]
[Round "8"]
[White "Stangl, Markus"]
[Black "Lechtynsky, Jiri"]
[Result "1/2-1/2"]
[WhiteElo "2465"]
[BlackElo "2410"]

1.Nf3 Nf6 2.c4 g6 3.g3 Bg7 4.Bg2 O-O 5.d4 c6 6.Nc3 d5 7.Qb3 Ne4 8.cxd5 Nxc3
9.dxc6 Nxc6 10.bxc3 e5 11.e3 Be6 12.Qa4 Rb8 13.Rb1 Qd7 14.Ng5 b5 15.Rxb5 Nxd4
16.Ra5 Qc7 17.O-O Ne2+ 18.Kh1 Bc4 19.Rxa7 Qc8 20.Ne4 Nxc3 21.Nxc3 Bxf1 22.Bc6 Bh3
23.Nd5 Kh8 24.Kg1 Qf5 25.Bd7 Rb1 26.Qc6 Qd3 27.Bxh3 Qd1+ 28.Bf1 Rxc1 29.Qb5 Rb1
30.Nc3 Rxb5 31.Nxd1 Rbb8 32.e4 Ra8 33.Rxa8 Rxa8 34.Bc4 f5 35.exf5 gxf5 36.Be6 Ra6
37.Bxf5 Rxa2 38.Nc3 Ra3 39.Ne4 Bf8 40.Ng5 Ra1+ 41.Kg2 Kg7 42.Nxh7 Bc5 43.f4 exf4
44.gxf4 Bd6 45.Ng5 Kf6 46.Be4 Bxf4 47.Nf3  1/2-1/2

[Event "New York Marshall CC"]
[Site "New York"]
[Date "1992.??.??"]
[Round "1"]
[White "Moskow, Eric"]
[Black "Bonin, Jay R"]
[Result "1/2-1/2"]
[WhiteElo "2240"]
[BlackElo "2405"]

1.c4 Nf6 2.Nf3 g6 3.g3 Bg7 4.Bg2 O-O 5.O-O c6 6.Nc3 d5 7.cxd5 cxd5 8.d4 Nc6
9.Ne5 e6 10.Nxc6 bxc6 11.Bf4 Nh5 12.Be3 Rb8 13.Na4 c5 14.Nxc5 Rxb2 15.Bf3 Qa5
16.a3 Nf6 17.Qc1  1/2-1/2

[Event "New York Marshall CC"]
[Site "New York"]
[Date "1992.??.??"]
[Round "7"]
[White "Moskow, Eric"]
[Black "Edelman, Daniel"]
[Result "0-1"]
[WhiteElo "2240"]
[BlackElo "2400"]

1.Nf3 Nf6 2.g3 g6 3.Bg2 Bg7 4.c4 O-O 5.O-O d6 6.Nc3 Nc6 7.Rb1 Bf5 8.d3 Qd7
9.b4 Bh3 10.b5 Nd8 11.Bb2 a6 12.a4 axb5 13.axb5 Bxg2 14.Kxg2 Nh5 15.Qd2 e5
16.Ra1 Ne6 17.Nd5 f5 18.Kh1 Rxa1 19.Bxa1 Nc5 20.Qc2 f4 21.Kg2 c6 22.bxc6 bxc6
23.Nc3 fxg3 24.fxg3 Qg4 25.e3 Bh6 26.Qe2 Bf4 27.Nxe5 Qxe2+ 28.Nxe2 Bxe5 29.d4 Rxf1
30.Kxf1 Bf6 31.g4 Nb3  0-1

[Event "NOR-ch"]
[Site "?"]
[Date "1992.??.??"]
[Round "1"]
[White "Groenn, Atle"]
[Black "Dannevig, Oystein"]
[Result "1-0"]
[WhiteElo "2310"]
[BlackElo "2290"]

1.Nf3 Nf6 2.c4 g6 3.g3 Bg7 4.Bg2 O-O 5.d4 d6 6.O-O Nbd7 7.Nc3 e5 8.e4 exd4
9.Nxd4 Re8 10.h3 a6 11.Be3 Rb8 12.b3 c5 13.Nde2 b5 14.Qxd6 b4 15.e5 Rxe5
16.Rad1 Qe8 17.Na4 g5 18.Nc1 Bb7 19.Bxb7 Rxb7 20.Qxa6 Qc8 21.Rd6 Ne4 22.Nb6 Nxb6
23.Rxb6 Ree7 24.Rd1 Be5 25.Rxb7 Rxb7 26.Qh6 f6 27.Qh5 Nc3 28.Rd2 Ra7 29.Kh2 Ne4
30.Rd5 Rd7 31.Qg4 Nd6 32.Qe6+ Kf8 33.Bxc5  1-0

[Event "NOR-ch"]
[Site "?"]
[Date "1992.??.??"]
[Round "5"]
[White "Groenn, Atle"]
[Black "Scholseth, Tor Kristian"]
[Result "1-0"]
[WhiteElo "2310"]
[BlackElo "2315"]

1.Nf3 Nf6 2.c4 g6 3.g3 Bg7 4.Bg2 O-O 5.d4 d6 6.O-O Nc6 7.d5 Na5 8.Nfd2 c5
9.Nc3 a6 10.Qc2 Rb8 11.b3 b5 12.Bb2 e5 13.dxe6 Bxe6 14.cxb5 axb5 15.Rad1 b4
16.Nce4 Bf5 17.Nxf6+ Qxf6 18.Bxf6 Bxc2 19.Bxg7 Kxg7 20.Rc1 Bf5 21.e4 Be6
22.e5 dxe5 23.Rxc5 Nb7 24.Rxe5 Nd6 25.Rc1 Rfd8 26.f4 Rb6 27.Bd5 Ra6 28.Bxe6 Rxa2
29.Rd1 fxe6 30.Ne4 Rc8 31.Rc5 Rxc5 32.Nxc5 Nf5 33.Rd7+ Kg8 34.Nxe6 Rb2 35.Rd3 h5
36.Nc7 Rc2 37.Nd5 h4 38.g4 Nd6  1-0

[Event "NOR-ch"]
[Site "?"]
[Date "1992.??.??"]
[Round "6"]
[White "Bern, Ivar"]
[Black "Tisdall, Jonathan D"]
[Result "1/2-1/2"]
[WhiteElo "2380"]
[BlackElo "2435"]

1.Nf3 Nf6 2.g3 g6 3.Bg2 Bg7 4.c4 O-O 5.Nc3 d5 6.cxd5 Nxd5 7.O-O Nb6 8.d3 Nc6
9.Be3 h6 10.Nd2 Nd4 11.Nb3 e5 12.Nc5 c6 13.b4 Qe7 14.Bd2 Rd8 15.a4 a5 16.bxa5 Rxa5
17.Nb3 Ra8 18.a5 Be6 19.Nxd4 exd4 20.Na4 Nxa4 21.Rxa4 Bd5 22.e4 dxe3 23.Bxe3 Bxg2
24.Kxg2 Rd5 25.Bb6 Qd7 26.d4 Re8 27.a6 bxa6 28.Rxa6 Rh5 29.h4 c5 30.Qa4 Qxa4
31.Rxa4 Bxd4 32.Rxd4 cxd4 33.Bxd4 Rd5 34.Be3 Kg7 35.Rb1 Re6 36.Rb7 g5 37.hxg5 hxg5
38.Rb4 Kg6 39.Rb8 Kf5 40.Rb4 Re4 41.Rb2 Ra4 42.Rb1 Kg6 43.Kf3 Rf5+ 44.Kg2 Ra2
45.Rb6+ f6 46.g4 Rfa5 47.Rb1 R5a4 48.Kg3 R2a3 49.Rc1 Re4 50.Kf3 Raa4 51.Rg1 Rec4
52.Bd2 Rc7 53.Rh1 Rb7 54.Be3 Rd7 55.Kg3 Rc4 56.Kf3 Re7 57.Bd2 Rb7 58.Be3 Ra4
59.Bd2 Rh7 60.Rxh7 Kxh7 61.Kg3 Kg6 62.Be3 Re4 63.Kf3 Re8 64.Ke2 Re4 65.f3 Ra4
66.Bb6 Kf7 67.Ke3 Ke6 68.Bd4 Kd5 69.Bb6 Ra3+ 70.Ke2 Rb3 71.Bd8 Ke5 72.Kf2 Rc3
73.Ba5 Ra3 74.Bd8 Ra6 75.Ke3 Ra3+ 76.Ke2 Rc3 77.Ba5 Rc5 78.Bb6 Rb5 79.Bd8 Rc5
80.Be7 Rc2+ 81.Ke3 Rc3+ 82.Kf2 Rc7 83.Bd8 Rc2+ 84.Kg3 Rd2 85.Ba5 Rc2 86.Bb6 Kd5
87.Kh3 Rc6 88.Ba7 Ra6 89.Bg1 Kc4 90.Kg3 Ra3 91.Bb6 Kd3 92.Kf2 Ra2+ 93.Kf1 Rc2
94.Ba7 Kc4 95.Be3 Kd3 96.Ba7 Rb2 97.Bc5 Rb5 98.Ba7 f5 99.gxf5 Rxf5 100.Kg2 Ke2
101.Kg3 Rxf3+ 102.Kg4 Rf7 103.Bb6 Rg7 104.Bd8 Ke3 105.Bf6  1/2-1/2

[Event "NOR-ch"]
[Site "?"]
[Date "1992.??.??"]
[Round "7"]
[White "Moen, Ole Christian"]
[Black "Dannevig, Oystein"]
[Result "1-0"]
[WhiteElo "2255"]
[BlackElo "2290"]

1.Nf3 Nf6 2.g3 g6 3.Bg2 Bg7 4.c4 O-O 5.Nc3 d6 6.d4 Nbd7 7.O-O e5 8.e4 exd4
9.Nxd4 Re8 10.Re1 c6 11.h3 a5 12.Be3 a4 13.Qc2 Nc5 14.b4 axb3 15.axb3 Rxa1
16.Rxa1 Qe7 17.Ra8 Na6 18.Na4 Nc7 19.Ra7 c5 20.Ne2 Nxe4 21.Nb6 Bf5 22.Qd1 Nxf2
23.Bxf2 Qxe2 24.Qxe2 Rxe2 25.Rxb7 Ne6 26.g4 Bc2 27.Rb8+ Nf8 28.Nd7 Be4 29.Bxe4 Rxe4
30.Rxf8+  1-0

[Event "NOR-ch"]
[Site "?"]
[Date "1992.??.??"]
[Round "8"]
[White "Scholseth, Tor Kristian"]
[Black "Dannevig, Oystein"]
[Result "0-1"]
[WhiteElo "2315"]
[BlackElo "2290"]

1.Nf3 Nf6 2.c4 g6 3.g3 Bg7 4.Bg2 O-O 5.O-O d6 6.Nc3 e5 7.d3 Nc6 8.Bg5 h6
9.Bxf6 Bxf6 10.Rb1 a5 11.a3 Ne7 12.b4 axb4 13.axb4 c6 14.Nd2 d5 15.Na4 Kg7
16.c5 Bg4 17.Nb6 Ra2 18.h3 Be6 19.Ra1 Rxa1 20.Qxa1 e4 21.Qa3 e3 22.fxe3 Nf5
23.Rf3 Be5 24.Nf1 Qg5 25.d4 Bb8 26.Kf2 h5 27.Na4 h4 28.g4 Ng3 29.Nxg3 Bxg3+
30.Kf1 Ra8 31.Qa1 f5 32.gxf5 Bxf5 33.Qd1 Be4  0-1

[Event "Novi Sad"]
[Site "Novi Sad"]
[Date "1992.??.??"]
[Round "6"]
[White "Shuraev, Andrei"]
[Black "Kozul, Zdenko"]
[Result "1/2-1/2"]
[WhiteElo "2370"]
[BlackElo "2545"]

1.Nf3 Nf6 2.c4 g6 3.g3 Bg7 4.Bg2 O-O 5.O-O d5 6.cxd5 Nxd5 7.d4 Nb6 8.Nc3 Nc6
9.d5 Nb4 10.e4 c6 11.Qb3 Na6 12.Be3 cxd5 13.Nxd5 Be6 14.Rfd1 Nc7 15.Ng5 Bxd5
16.exd5 Ne8 17.Qb4 Nd6 18.Rac1 Rc8 19.b3 Rc7 20.Qa5 Nf5 21.Bf4 Rd7 22.Qxa7 Nd4
23.Rd2 h6 24.Nf3 Nxf3+ 25.Bxf3 Nxd5 26.Rcd1 e6 27.Bxd5 exd5 28.Be3 Re8 29.Qc5 Re5
30.Bd4 Rf5 31.Qb5 h5 32.Bb6 Qe7 33.Re2 Qd6 34.Bd4 Bxd4 35.Rxd4 Re7 36.Kg2 h4
37.Rxe7 h3+ 38.Kxh3 Qxe7 39.Kg2 Qe1 40.Qf1 Qa5 41.Qe2 Kg7 42.Qd2 Qc5 43.f4 Qc6
44.h4 Qe6 45.a4 Kh7 46.Qd3 Qf6 47.Qd2 Qe6 48.Qc3  1/2-1/2

[Event "Oakham"]
[Site "Oakham"]
[Date "1992.??.??"]
[Round "6"]
[White "Jirovsky, Milos"]
[Black "Topakian, Raffi"]
[Result "1/2-1/2"]
[WhiteElo "2425"]
[BlackElo "2255"]

1.c4 Nf6 2.Nf3 g6 3.g3 Bg7 4.Bg2 O-O 5.O-O d5 6.cxd5 Nxd5 7.d4 Nb6 8.Nc3 Nc6
9.d5 Na5 10.e4 c6 11.Bg5 h6 12.Bf4 cxd5 13.exd5 Nac4 14.Qe2 e5 15.dxe6 Bxe6
16.Rfd1 Qc8 17.Rac1 g5 18.Be5 Nxe5 19.Nxe5 Qc7 20.Nd3 Qe7 21.b4 Rfd8 22.Nc5 Rxd1+
23.Nxd1 Re8 24.Ne3 Bd4 25.Rd1 Bc4 26.Qf3 Bxe3 27.fxe3 Qxe3+ 28.Qxe3 Rxe3
29.a4 Ra3 30.a5 Na4 31.Bxb7 Nc3 32.Re1 Ra2 33.Ne4 Ne2+ 34.Kh1 Nd4 35.Nc3 Rd2
36.Re8+ Kg7 37.Rd8 Bf1 38.h4 Rd3 39.hxg5 hxg5 40.g4 Rd2 41.Be4 Nf3 42.Rxd2 Nxd2
43.Bd5 Kf6 44.Kg1 Ke5 45.Bxf7 Kd4 46.Nd1 Be2 47.Nf2 Kc3 48.b5 Bxb5 49.Nh3 Ne4
50.Bg6 Nf6 51.Bf5 Be2 52.Nxg5 Bxg4 53.Ne4+ Kb4 54.Bxg4 Nxg4 55.a6 Ne5 56.Nd6 Ka5
57.Nc8 Kxa6 58.Kg2 Kb7  1/2-1/2

[Event "Oberwart op"]
[Site "Oberwart"]
[Date "1992.??.??"]
[Round "9"]
[White "Cvitan, Ognjen"]
[Black "Polzin, Rainer"]
[Result "1/2-1/2"]
[WhiteElo "2550"]
[BlackElo "2325"]

1.Nf3 Nf6 2.c4 g6 3.g3 Bg7 4.Bg2 O-O 5.d4 d6 6.O-O Nc6 7.Nc3 a6 8.d5 Na5
9.Nd2 c5 10.Qc2 Rb8 11.b3 b5 12.Rb1 Bh6 13.f4 e5 14.dxe6 Bxe6 15.Nd5 Bg7
16.Nxf6+ Bxf6 17.cxb5 axb5 18.Ne4 Bg7 19.Bb2 Bf5 20.Bxg7 Kxg7 21.Qc3+ f6
22.Rbd1 Bxe4 23.Bxe4 b4 24.Qd3 Rb6 25.Rd2 Qe7 26.Bf3 Nb7 27.Rfd1 Nd8 28.Bd5 Re8
29.Kf2 Ne6 30.h4 Nd4 31.h5 Nb5 32.Rh1 Nc3 33.h6+ Kf8 34.a4 f5 35.Rc1 Nxd5
36.Qxd5 Qe3+ 37.Kg2 Qe4+ 38.Qxe4 Rxe4 39.Kf3 Re6 40.Rd3 Kf7 41.Rc4 Kf6 42.e4 fxe4+
43.Rxe4 Rxe4 44.Kxe4 Ke6 45.g4 c4 46.bxc4 b3 47.Rd1 Rb4 48.Kd4 d5 49.Kc3 Rxc4+
50.Kxb3 Rxf4 51.a5 Rxg4 52.a6 Rf4 53.Re1+ Kd6 54.Re8 Rf7 55.Kb4 d4 56.Kb5 Kd5
57.Rg8 d3 58.Rg7 Rf1 59.Rd7+ Ke4 60.Re7+ Kd5 61.a7 Ra1 62.Kb6 Kd6 63.Re3 Rb1+
64.Ka6 Kc7 65.Re7+ Kd6 66.Re8 Ra1+ 67.Kb7 Rb1+ 68.Ka8 Kc7 69.Rc8+ Kxc8  1/2-1/2

[Event "Odorheiu Secuiesc"]
[Site "Odorheiu Secuiesc"]
[Date "1992.??.??"]
[Round "?"]
[White "Schwartzman, Gabriel"]
[Black "Vaidya, Arun B"]
[Result "1-0"]
[WhiteElo "2340"]
[BlackElo "2335"]

1.c4 Nf6 2.Nf3 g6 3.g3 Bg7 4.Bg2 O-O 5.O-O d6 6.d4 c6 7.Nc3 Bf5 8.b3 Ne4
9.Bb2 Nxc3 10.Bxc3 Be4 11.Qd2 d5 12.Qe3 Nd7 13.Bh3 Bxf3 14.Qxf3 Nf6 15.Qd3 e6
16.f3 Qd7 17.Rad1 Rfc8 18.e4 a6 19.e5 Ne8 20.c5 Qd8 21.f4 b6 22.b4 a5 23.bxa5 bxc5
24.dxc5 Bf8 25.Bb4 Nc7 26.a3 Na6 27.Qc3 Rcb8 28.Rf2 Rb5 29.Bf1 Bxc5 30.Bxb5 Bxf2+
31.Kxf2 cxb5 32.Rc1 Qb8 33.Qc6 Qa7+ 34.Qb6 Qxb6+ 35.axb6 Nxb4 36.b7  1-0

[Event "Olot op"]
[Site "Olot"]
[Date "1992.??.??"]
[Round "4"]
[White "Ninov, Kiril"]
[Black "Foisor, Ovidiu"]
[Result "1/2-1/2"]
[WhiteElo "2395"]
[BlackElo "2425"]

1.Nf3 Nf6 2.g3 g6 3.Bg2 Bg7 4.c4 O-O 5.d4 c6 6.Nc3 d6 7.O-O Bf5 8.b3 Ne4
9.Bb2 Nxc3 10.Bxc3 Be4 11.Qd2 Nd7 12.Qe3 Nf6 13.Bh3 Bxf3 14.Qxf3 d5 15.Qd3 Ne4
16.Bb2 e6 17.Bg2 Nd6 18.Rfd1 Re8 19.Rd2 Rc8 20.Rad1 h5 21.e3 a6  1/2-1/2

[Event "Olot op"]
[Site "Olot"]
[Date "1992.??.??"]
[Round "6"]
[White "Ninov, Kiril"]
[Black "Luecke, Norbert"]
[Result "1/2-1/2"]
[WhiteElo "2395"]
[BlackElo "2410"]

1.Nf3 Nf6 2.c4 g6 3.g3 Bg7 4.Bg2 O-O 5.d4 d5 6.O-O dxc4 7.Na3 c3 8.bxc3 c5
9.Qb3 Nc6 10.Rd1 Na5 11.Qb2 Ne4 12.Qc2 Bf5 13.g4 Nxf2 14.gxf5 Nxd1 15.Qxd1 cxd4
16.cxd4 Rc8 17.fxg6 hxg6 18.Bf4 Rc3 19.Nb5 Rc4 20.e3 Qd7 21.Na3 Ra4 22.Nb1 Rc8
23.Nbd2 Ra3 24.Nb1 Ra4 25.Nbd2 Ra3  1/2-1/2

[Event "Oostende op"]
[Site "Oostende"]
[Date "1992.??.??"]
[Round "5"]
[White "Giddins, Stephen"]
[Black "Steinbacher, Matthias"]
[Result "0-1"]
[WhiteElo "2265"]
[BlackElo "2340"]

1.c4 g6 2.g3 Bg7 3.Bg2 Nf6 4.Nf3 O-O 5.O-O d6 6.d4 Nbd7 7.Nc3 e5 8.e4 exd4
9.Nxd4 Re8 10.h3 a6 11.Rb1 Rb8 12.b3 c5 13.Nc2 b5 14.cxb5 axb5 15.b4 Qc7
16.Ne3 cxb4 17.Ned5 Nxd5 18.Nxd5 Qc4 19.Nxb4 Rxe4 20.Qxd6 Bf8 21.Qd5 Re2
22.Bf4 Ne5 23.Bxe5 Qxd5 24.Bxd5 Rxe5 25.Nc6 Rxd5 26.Nxb8 Bxh3 27.Rfd1 Rh5
28.Nd7 Be7 29.f3 Be6 30.Rb2 b4 31.Kg2 Ra5 32.Rdd2 Kg7 33.Kf2 h5 34.Nb8 Bf6
35.Nc6 Ra3 36.Nd4 Bxa2 37.Rxb4 h4 38.gxh4 Bxh4+ 39.Kg2 Be1 40.Rdb2 Bxb4 41.Rxb4 Rd3
42.Kf2 Bd5 43.Ke2 Ra3 44.Rb6 Kh6 45.Rb4 Kg7 46.Rb6 Bc4+ 47.Kf2 Rd3 48.Nc6 Rd6  0-1

[Event "Oslo"]
[Site "Oslo"]
[Date "1992.??.??"]
[Round "4"]
[White "Groenn, Atle"]
[Black "Hellers, Ferdinand"]
[Result "0-1"]
[WhiteElo "2310"]
[BlackElo "2510"]

1.Nf3 Nf6 2.c4 g6 3.g3 Bg7 4.Bg2 O-O 5.d4 d5 6.cxd5 Nxd5 7.O-O Nb6 8.Nc3 Nc6
9.e3 Re8 10.Qe2 e5 11.dxe5 Nxe5 12.Nxe5 Bxe5 13.Rd1 Qe7 14.e4 c6 15.f4 Bg7
16.Be3 Be6 17.Qf2 Rad8 18.Bc5 Qc7 19.e5 f6 20.Bd6 Qf7 21.exf6 Bxf6 22.Bc5 Bg4
23.Rxd8 Rxd8 24.Ne4 Bg7 25.h3 Na4 26.Nd6 Qc7 27.hxg4 Nxc5 28.Qxc5 Qxd6 29.Qc4+ Kh8
30.Kh2 g5 31.fxg5 Be5 32.Qb3 Qd2 33.Rf1 Qxg5 34.Rf5 Qh4+ 35.Kg1 Bd4+ 36.Kf1 Qh2
37.Be4 Re8 38.Qf3 Qg1+ 39.Ke2 Bg7 40.Rh5 Qd4 41.Rxh7+ Kg8 42.Qb3+ Qd5 43.Rxg7+ Kxg7
44.Qc3+ Kg8  0-1

[Event "Oslo"]
[Site "Oslo"]
[Date "1992.??.??"]
[Round "9"]
[White "Groenn, Atle"]
[Black "Malisauskas, Vidmantas"]
[Result "0-1"]
[WhiteElo "2310"]
[BlackElo "2490"]

1.Nf3 Nf6 2.c4 g6 3.g3 Bg7 4.Bg2 O-O 5.d4 d6 6.O-O Nc6 7.d5 Na5 8.Nbd2 c5
9.e4 Nd7 10.Qc2 a6 11.Rb1 b5 12.b3 Rb8 13.cxb5 axb5 14.b4 cxb4 15.Bb2 Ne5
16.Ba1 Nxf3+ 17.Nxf3 Bxa1 18.Rxa1 Bg4 19.Qb2 Qb6 20.Qxb4 Rfc8 21.Rfc1 Bxf3
22.Bxf3 Rc4 23.Qb2 Qd4 24.Qxd4 Rxd4 25.Rc2 Nc4 26.Bg2 Ra8 27.f3 b4 28.Rac1 Ne3
29.Re2 Nd1 30.Rcc2 Nc3 31.Rf2 Rd1+ 32.Bf1 Ra1 33.Kg2 Nd1 34.Rfe2 Ra3 35.Rcd2 Ne3+
36.Rxe3 Rxe3 37.Bc4 Rc1 38.Bb3 Ree1 39.Kh3 h5 40.Rd4 Re2 41.Rxb4 Rh1 42.Kh4 f6  0-1

[Event "Oviedo rapid45"]
[Site "Oviedo"]
[Date "1992.??.??"]
[Round "5"]
[White "Danailov, Silvio"]
[Black "Britton, Richard"]
[Result "1-0"]
[WhiteElo "2445"]
[BlackElo "2290"]

1.Nf3 Nf6 2.c4 g6 3.g3 Bg7 4.Bg2 O-O 5.O-O d6 6.d4 Nbd7 7.Qc2 e5 8.Rd1 exd4
9.Nxd4 a6 10.Nc3 Rb8 11.b3 c5 12.Nf3 b5 13.cxb5 axb5 14.Bf4 b4 15.Bxd6 bxc3
16.Bxb8 Qa5 17.Bd6 Re8 18.Ne1 Ba6 19.e3 Qb6 20.Rac1 Bb7 21.Bxb7 Qxb7 22.Qxc3 Ne4
23.Qd3 Ndf6 24.Bxc5 Ng5 25.Qf1 Qc8 26.Bd4 Qe6 27.Bxf6 Bxf6 28.Qg2 Ne4 29.Nd3 Nc3
30.Nf4 Qa6 31.Rxc3 Bxc3 32.Nd5 Be5 33.Qe4 Re6 34.Qc2 Kg7 35.a4 Rc6 36.Qd3 Qa8
37.Qb5 Rc2 38.Nb4  1-0

[Event "Pardubice op"]
[Site "Pardubice"]
[Date "1992.??.??"]
[Round "7"]
[White "Jurka, Miroslav"]
[Black "Repkova Eid, Eva"]
[Result "0-1"]
[WhiteElo "2355"]
[BlackElo "2250"]

1.Nf3 Nf6 2.c4 g6 3.g3 Bg7 4.Bg2 O-O 5.d4 d6 6.Nc3 c6 7.O-O Qa5 8.h3 Be6
9.Qd3 Bf5 10.e4 Be6 11.Be3 Na6 12.a3 d5 13.exd5 cxd5 14.c5 Qd8 15.b4 Bf5
16.Qe2 Nc7 17.b5 Ne4 18.Nxe4 dxe4 19.Ne5 f6 20.Ng4 Be6 21.Nh6+ Kh8 22.Bxe4 Bxh3
23.Rfc1 Nd5 24.g4 f5 25.gxf5 gxf5 26.Qh5 Nxe3 27.fxe3 fxe4 28.Qxh3 Bxh6 29.Qxh6 Rf6
30.Qh5 Qg8+ 31.Kh1 Qf8  0-1

[Event "Pardubice op"]
[Site "Pardubice"]
[Date "1992.??.??"]
[Round "9"]
[White "Jurka, Miroslav"]
[Black "Ziger, Silvestar"]
[Result "1-0"]
[WhiteElo "2355"]
[BlackElo "2290"]

1.Nf3 Nf6 2.c4 g6 3.g3 Bg7 4.Bg2 O-O 5.Nc3 d6 6.d4 Nbd7 7.O-O e5 8.e4 a6
9.h3 exd4 10.Nxd4 Ne5 11.b3 c5 12.Nde2 Nc6 13.Bf4 Ne8 14.Qd2 Nd4 15.Nxd4 Bxd4
16.Rad1 Be6 17.Ne2 Bf6 18.Bh6 Bg7 19.Bxg7 Kxg7 20.e5 Qb6 21.exd6 Rd8 22.Nf4 Nxd6
23.Qc3+ Kg8 24.Qf6 Nf5 25.g4 Ng7 26.Qe7 Rb8 27.Rfe1 Rfe8 28.Qf6 Qa5 29.Re2 b5
30.Nxe6 Rxe6 31.Rxe6 Nxe6 32.Rd7 Rf8 33.Bd5 bxc4 34.bxc4 Qe1+ 35.Kh2 a5 36.Rxf7 Rxf7
37.Bxe6  1-0

[Event "Paris-ch"]
[Site "Paris"]
[Date "1992.??.??"]
[Round "3"]
[White "Rotstein, Arkadij"]
[Black "Blees, Albert"]
[Result "1-0"]
[WhiteElo "2410"]
[BlackElo "2410"]

1.c4 Nf6 2.Nf3 g6 3.g3 Bg7 4.Bg2 O-O 5.O-O d6 6.Nc3 e5 7.d3 Nc6 8.Rb1 a5
9.Bg5 h6 10.Bxf6 Bxf6 11.a3 Be6 12.Nd2 Bg7 13.Nd5 Nd4 14.e3 Nf5 15.b4 c6
16.Nc3 axb4 17.axb4 d5 18.Na4 dxc4 19.Nc5 cxd3 20.Nxb7 Qc8 21.Na5 Ne7 22.Ndc4 Rb8
23.Qxd3 Rd8 24.Qa3 Nd5 25.Rfc1 Qc7 26.Qa4 Qa7 27.e4 Ne7 28.Qc2 h5 29.Ra1 Qc7
30.Ra4 Bh6 31.Rca1 Rd4 32.Bf1 Ra8 33.Nb3 Rxa4 34.Rxa4 Rd8 35.Nc5 Bg4 36.Qa2 Rd1
37.Kg2 Kg7 38.h3 Bxh3+ 39.Kxh3 Rxf1 40.Kg2 Rd1 41.Ra7 Qd8 42.Nxe5 Qe8 43.Ra8 Nc8
44.Qa6 Bg5 45.Nf3 Bf6 46.Rxc8  1-0

[Event "Pila"]
[Site "Pila"]
[Date "1992.??.??"]
[Round "5"]
[White "Tibensky, Robert"]
[Black "Konopka, Michal"]
[Result "0-1"]
[WhiteElo "2365"]
[BlackElo "2360"]

1.Nf3 Nf6 2.c4 g6 3.g3 Bg7 4.Bg2 O-O 5.O-O d5 6.cxd5 Nxd5 7.d4 Nb6 8.e4 Nc6
9.d5 Na5 10.Qe1 Nac4 11.Nc3 e6 12.b3 Qf6 13.bxc4 Qxc3 14.Qxc3 Bxc3 15.Rb1 exd5
16.cxd5 Re8 17.Bd2 Bg7 18.Rfe1 f5 19.Nh4 fxe4 20.Bxe4 Nc4 21.Bf4 Bh3 22.Rbc1 Nd6
23.Bg2 Rxe1+ 24.Rxe1 Bxg2 25.Nxg2 Re8 26.Rc1 Re7 27.Kf1 Ne8 28.Be3 Rd7 29.Nf4 Be5
30.Ke2 b6 31.Rd1 Nf6 32.Ne6 Nxd5 33.Bd4 Bxd4 34.Rxd4 c5 35.Rd3 c4 36.Rf3 Rf7
37.Rxf7 Kxf7 38.Nd8+ Ke7 39.Nc6+ Kd6 40.Nxa7 Nc3+ 41.Ke3 Kc5 42.f4 Nxa2 43.g4 Nc3
44.f5 gxf5 45.gxf5 b5 46.Nc8 b4 47.Kd2 Nd5 48.h4 h5 49.Kc1 c3  0-1

[Event "RUS-chT"]
[Site "Podolsk"]
[Date "1992.??.??"]
[Round "?"]
[White "Pigusov, Evgeny"]
[Black "Petrushin, Alexander I"]
[Result "0-1"]
[WhiteElo "2550"]
[BlackElo "2380"]

1.Nf3 Nf6 2.c4 g6 3.g3 Bg7 4.Bg2 O-O 5.d4 d6 6.O-O Nbd7 7.Nc3 e5 8.e4 exd4
9.Nxd4 Re8 10.h3 Nc5 11.Re1 c6 12.b3 a5 13.Rb1 Bd7 14.Bf4 Qb6 15.Be3 Qc7
16.Qc2 Rad8 17.Rbd1 Bc8 18.f4 Na6 19.Bf2 Nd7 20.a3 Ndc5 21.Rb1 f5 22.b4 axb4
23.axb4 Nxe4 24.Nxe4 fxe4 25.Rxe4 Rxe4 26.Qxe4 Qf7 27.Qe2 Re8 28.Qa2 Bxd4
29.Bxd4 Bf5 30.Rb2 Bd3 31.b5 Bxc4 32.Qa3 Bxb5 33.Qxd6 Qe7 34.Qxe7 Rxe7 35.Bb6 Rd7
36.h4 Bd3 37.h5 Kf7 38.Bf3 Bf5 39.hxg6+ hxg6 40.Kg2 Nc7 41.Be2 Ne8 42.g4 Be6
43.Kf2 Nf6 44.Kg3 Ne4+ 45.Kg2 Nc3 46.Bf3 Bd5 47.Bxd5+ Rxd5 48.Bc7 b5 49.Rc2 b4
50.Be5 Rxe5 51.fxe5 Ke6 52.Kf3 Kxe5 53.Ke3 c5 54.Rd2 c4 55.Rd8 b3 56.Re8+ Kf6  0-1

[Event "Polanica Zdroj op"]
[Site "Polanica Zdroj"]
[Date "1992.??.??"]
[Round "7"]
[White "Kveinys, Aloyzas"]
[Black "Jasnikowski, Zbigniew"]
[Result "1/2-1/2"]
[WhiteElo "2485"]
[BlackElo "2450"]

1.Nf3 Nf6 2.c4 g6 3.g3 Bg7 4.Bg2 O-O 5.O-O c6 6.d4 d5 7.Ne5 Be6 8.cxd5 Bxd5
9.Bxd5 cxd5 10.Nc3 Ne4 11.Nxe4 dxe4 12.Qb3 Qb6 13.Qxb6 axb6 14.Be3 Nc6 15.Nxc6 bxc6
16.Rfc1 Rfc8 17.Rc2 e5 18.dxe5 c5 19.b4 cxb4 20.Rxc8+ Rxc8 21.Bxb6 Bxe5 22.Rb1 Rc4
23.Ba5  1/2-1/2